| 000 | 00702cam a22002297i 4500 | ||
|---|---|---|---|
| 020 | _a9789251074350 (print) | ||
| 020 | _a9251074356 (print) | ||
| 022 | _a20707010 | ||
| 040 | _cUKMGB | ||
| 082 | 0 | 4 | _a639 FEE 2013 A006 Or. |
| 100 | 1 | _aRamakrishna, R. | |
| 245 | 1 | 0 | _aFeeding and feed management of Indian major carps in Andhra Pradesh, India / |
| 300 |
_avii, 90 pages : _billustrations, maps ; _c30 cm. |
||
| 490 | 0 | _aFAO fisheries and aquaculture technical paper, | |
| 650 | 0 | _aCarp | |
| 650 | 0 | _aCarp | |
| 650 | 0 | _aCarp fishing | |
| 700 | 1 | _aShipton, Thomas A., | |
| 700 | 1 | _aHasan, Mohammad R., | |
| 710 | 2 | _aFood and Agriculture Organization of the United Nations, | |
| 942 | _cAEDBB | ||
| 999 |
_c20928 _d20928 |
||